Retrouve les chansons de Jean-Jacques Goldman - Statistiques

Statistiques générales
  • Ce quiz a été pris 99 fois
  • Le résultat moyen est 16 sur 21
Answers on the Grid
Answers color-coded by a green-red scale on the quiz's grid according to % correct below.
Il suffira d'un signe
Long Is the Road (Américain)
Elle a fait un bébé toute seule
Pas besoin de regrets
Sache que je
Puisque tu pars
Quand tu danses
Je t'aimais, je t'aime, je t'aimerai
Là-bas
Je voudrais vous revoir
La complainte du phoque en Alaska
Quand la musique est bonne
Je marche seul
Encore un matin
Quelque chose de Tennessee
Bonne idée
Couleur menthe à l'eau
Les Choses
J'aime les filles
Je te donne
Nos mains
Je suis venu te dire que je m'en vais
Comme toi
Envole-moi
Les vacances au bord de la mer
Tournent les violons
Et l'on n'y peut rien
Au bout de mes rêves
La Vie par procuration
Un homme heureux
 
Statistiques - réponses
Réponse % Correct
Là-bas
95%
Il suffira d'un signe
94%
Elle a fait un bébé toute seule
92%
Je marche seul
92%
Quand la musique est bonne
92%
Je te donne
90%
Au bout de mes rêves
89%
Comme toi
89%
Envole-moi
88%
Puisque tu pars
88%
Encore un matin
85%
La Vie par procuration
83%
Tournent les violons
81%
Et l'on n'y peut rien
63%
Bonne idée
58%
Long Is the Road (Américain)
56%
Sache que je
56%
Les Choses
55%
Nos mains
53%
Quand tu danses
40%
Je voudrais vous revoir
36%
Aucun quiz correspondant
Distribution des résultats
% des personnes avec chaque résultat
Percentile par nombre de réponses
Votre historique - résultats
Vous n’avez pas pris ce quiz